Réseaux Sociaux - 2025 - Statistiques

Statistiques générales
  • Ce quiz a été pris 277 fois
  • Le résultat moyen est 6 sur 9
Statistiques - réponses
Réponse % Correct
Instagram
99%
Snapchat
98%
Tiktok
95%
Facebook
87%
Twitch
60%
BeReal
58%
Reddit
40%
Threads
30%
Ten Ten
0%
Aucun quiz correspondant
Distribution des résultats
% des personnes avec chaque résultat
Percentile par nombre de réponses
Votre historique - résultats
Vous n’avez pas pris ce quiz